|
|
|
|
| LEADER |
00000nam0a2200000 4500 |
| 001 |
364245 |
| 005 |
20231102011653.0 |
| 035 |
|
|
|a (RuTPU)RU\TPU\retro\21603
|
| 090 |
|
|
|a 364245
|
| 100 |
|
|
|a 20211110d1981 km y0rusy50 ca
|
| 101 |
0 |
|
|a rus
|
| 102 |
|
|
|a RU
|
| 105 |
|
|
|a a z 001zy
|
| 200 |
1 |
|
|a Прочность полых цилиндров
|f М. А. Колтунов, Ю. Н. Васильев, Д. А. Пасько
|
| 210 |
|
|
|a Москва
|c Машиностроение
|d 1981
|
| 215 |
|
|
|a 264 с.
|c ил.
|
| 225 |
1 |
|
|a Библиотека расчетчика
|
| 320 |
|
|
|a Библиогр.: с. 262-263
|
| 606 |
1 |
|
|a Цилиндры полые
|x Расчет на прочность
|2 stltpush
|3 (RuTPU)RU\TPU\subj\18273
|9 43744
|
| 610 |
1 |
|
|a прочность
|
| 610 |
1 |
|
|a упругие цилиндры
|
| 610 |
1 |
|
|a упругопластическое деформирование
|
| 610 |
1 |
|
|a вязкоупругие системы
|
| 675 |
|
|
|a 539.4.01
|v 4
|
| 700 |
|
1 |
|a Колтунов
|b М. А.
|g Михаил Андреевич
|
| 701 |
|
1 |
|a Васильев
|b Ю. Н.
|g Юрий Николаевич
|
| 701 |
|
1 |
|a Пасько
|b Д. А.
|g Долорес Александровна
|
| 801 |
|
1 |
|a RU
|b 63413507
|c 20211110
|
| 801 |
|
2 |
|a RU
|b 63413507
|c 20211110
|g RCR
|
| 942 |
|
|
|c BK
|